000 00648nam a2200241Ia 4500
003 OSt
005 20220928102611.0
006 a|||||r|||| 00| 0
007 ta
008 220927b |||||||| |||| 00| 0 eng d
024 _a56402
037 _cTextual
040 _aSDCL
_cSDCL
_beng
041 _2eng
_aeng
082 _aV58,4C'N8, M3
100 _aHill Ronald J
_9399244
245 0 _aSoviet communist party.
260 _aLondon
_bGeorge Allen and Unwin
_c1983
300 _a168p.
_ccm.
700 _a Frank Peter
_9399245
942 _hV58,4C'N8, M3
_cTEXL
_2CC
999 _c715104
_d715104